000
00212 a2200085 4500
020
_a
978-0486253329
100
_a
Le Corbusier
245
_a
The City of To-morrow and Its Planning
260
_b
Dover Publications
_c
1987
999
_c
13304
_d
13304